The satanic verses / (Record no. 3331)

MARC details
000 -LEADER
fixed length control field 01339cam a2200313 a 4500
001 - CONTROL NUMBER
control field 3331
003 - CONTROL NUMBER IDENTIFIER
control field FISKH
005 - DATE AND TIME OF LATEST TRANSACTION
control field 20240228153654.0
008 - FIXED-LENGTH DATA ELEMENTS--GENERAL INFORMATION
fixed length control field 880914r19891988nyu 000 1 eng
010 ## - LIBRARY OF CONGRESS CONTROL NUMBER
LC control number 88040266
020 ## - INTERNATIONAL STANDARD BOOK NUMBER
International Standard Book Number 0670825379
020 ## - INTERNATIONAL STANDARD BOOK NUMBER
International Standard Book Number 9780670825370
040 ## - CATALOGING SOURCE
Original cataloging agency DLC
Language of cataloging eng
Transcribing agency DLC
Modifying agency DLC
-- OCoLC
-- DLC
050 00 - LIBRARY OF CONGRESS CALL NUMBER
Classification number PR6068.U757
Item number S27 1989
082 00 - DEWEY DECIMAL CLASSIFICATION NUMBER
Classification number 823/.914
Edition number 20
100 1# - MAIN ENTRY--PERSONAL NAME
Personal name Rushdie, Salman.
245 14 - TITLE STATEMENT
Title The satanic verses /
Statement of responsibility, etc. Salman Rushdie.
250 ## - EDITION STATEMENT
Edition statement This edition 1989
260 ## - PUBLICATION, DISTRIBUTION, ETC.
Place of publication, distribution, etc. New York :
Name of publisher, distributor, etc. Viking,
Date of publication, distribution, etc. 1988
300 ## - PHYSICAL DESCRIPTION
Extent 546 pages ;
Dimensions 24 cm.
520 ## - SUMMARY, ETC.
Summary, etc. A hijacked jumbo jet bound for London blows apart high above the English Channel. Two figures, Indian actors of opposing sensibilities, Gibreel and Saladin, fall to Earth, and are washed up on an English beach. Soon curious changes occur -Gibreel seems to have acquired a halo, while Saladin grows hooves and bumps at his temples. They are transformed into living symbols of what is angelic and evil. This is the initial act in an odyssey that merges the actual with the imagined.
650 #0 - SUBJECT ADDED ENTRY--TOPICAL TERM
Topical term or geographic name entry element Survival
Form subdivision Fiction.
650 #0 - SUBJECT ADDED ENTRY--TOPICAL TERM
Topical term or geographic name entry element East Indians
Geographic subdivision England
Form subdivision Fiction.
651 #0 - SUBJECT ADDED ENTRY--GEOGRAPHIC NAME
Geographic name London (England)
Form subdivision Fiction.
655 #7 - INDEX TERM--GENRE/FORM
Genre/form data or focus term Didactic fiction.
Source of term gsafd
906 ## - LOCAL DATA ELEMENT F, LDF (RLIN)
a 7
b cbc
c orignew
d 1
e ocip
f 19
g y-gencatlg
942 ## - ADDED ENTRY ELEMENTS (KOHA)
Source of classification or shelving scheme Dewey Decimal Classification
Koha item type Books
Suppress in OPAC No
Holdings
Withdrawn status Lost status Source of classification or shelving scheme Damaged status Not for loan Collection Home library Current library Shelving location Date acquired Total Checkouts Full call number Barcode Date last seen Date last checked out Price effective from Koha item type
    Dewey Decimal Classification     Fiction Footprints International School Library Network Toul Kork Campus Footprints International School Library Network Toul Kork Campus A TK Campus, 4th Floor, Room B401, Fiction Bookcases (1-6) 02/28/2024 2 RUS Fic PR6068.U757 FISSE03221 04/08/2025 09/02/2024 02/28/2024 Books